Normal view MARC view

Entry Personal Name

Number of records used in: 1

001 - CONTROL NUMBER

  • control field: 9093

003 - CONTROL NUMBER IDENTIFIER

  • control field: DLC

005 - DATE AND TIME OF LATEST TRANSACTION

  • control field: 20220919113110.0

008 - FIXED-LENGTH DATA ELEMENTS

  • fixed length control field: 771026n| azannaab |n aaa

010 ## - LIBRARY OF CONGRESS CONTROL NUMBER

  • LC control number: n 77011988

040 ## - CATALOGING SOURCE

  • Original cataloging agency: DLC
  • Language of cataloging: eng
  • Description conventions: rda
  • Transcribing agency: DLC
  • Modifying agency: DNLM
  • Modifying agency: DLC

100 1# - HEADING--PERSONAL NAME

  • Personal name: Mehlman, Maxwell J.

670 ## - SOURCE DATA FOUND

  • Source citation: His Yale Legislative Services handbook of legislative drafting, 1977:
  • Information found: t.p. (Maxwell J. Mehlman) half-title p. (lawyer with Arnold & Porter in Washington)

670 ## - SOURCE DATA FOUND

  • Source citation: Encyclopedia of ethical, legal, and policy issues in biotechnology, 2000:
  • Information found: CIP t.p. (Maxwell J. Mehlman, Case Western Reserve University, Cleveland, OH) data sheet (b. 11-04-48)

Powered by Koha